01238nam a22001697a 4500008004100000020001800041050001500059110004500074245014200119260006500261300002500326504010000351505053600451650003700987650002501024650001901049130118t xxu||||| |||| 00| 0 eng d a9786074682793 aK3165bI57 aSuprema Corte de Justicia de la Nación aInterpretación jurisprudencialb: Memorias del ll Simposio internacional de jurisprudenciac / Suprema Corte de Justicia de la Nación aMexicob : Suprema Corte de Justicia de la Naciónc , 2011 asvii ; 281 páginas aIncluye: Tabla de contenido Presentación Prólogo Bibliografía al final de cada capítulo aLa desconcentración del control de la constitucionalidad en México Las funciones de la jurisprudencia La interpretación jurisprudencial en el derecho español y en el derecho catalán Prudencia y cracia Matizando el discurso eurocéntrico sobre la interpretación constitucional en América Latina Otra vez acerca de razonamiento judicial y derechos fundamentales Jurisprudencia: ¿es una comedia?, ¿es uan tragedia? Delitos culturalmente motivados. Un nuevo desafío del multiculturalismo a los derechos fundamentales 0aDERECHO CONSTITUCIONAL COMPARADO 0aINCONSTITUCIONALIDAD 0aJURISPRUDENCIA